000 00637nam a22002177a 4500
003 UA-OsUOA
001 74107
007 ta
008 20110328b un ||||| |||| 00| 0 ukr d
100 _aДубов В.
090 _a94(477)
_bД79
942 _cSA
040 _aUA-OsUOA
_bukr
_cUA-OsUOA
_dUA-OsUOA
245 _aНа крутих перевалах. Василь Русин - людина, яка лишила слід в історії Закарпаття
300 _aС.10
955 _a0
041 _aukr
080 _a94(477)
773 0 _w74105
650 7 _a9 Географія. Біографії. Історія
_2UDC
999 _c360396
_d360396